[Event "Two Towers"]
[Site "http://www.queenalice.com/game.php?id=18291"]
[Date "2005.7.3"]
[Round "-"]
[White "Be0wulf"]
[Black "jcainfo"]
[Result "1-0"]
[WhiteElo "1752"]
[BlackElo "1482"]

1. e4 e5 2. Bc4 Qf6 3. Nf3 Bc5 4. a4 g5 5. h3 d6 6. c3 Be6 7. Bxe6 Qxe6 8. b4 g4
9. Ng1 Bb6 10. a5 Bxf2+ 11. Kxf2 Nf6 12. d3 Rg8 13. c4 Nc6 14. Ne2 gxh3 15. Rxh3
Qg4 16. Qh1 Nxb4 17. Nbc3 Nxd3+ 18. Rxd3 h5 19. g3 Rh8 20. Qh4 Qxh4 21. gxh4 Rg8
22. Rb1 b6 23. Ng3 Rg4 24. Bg5 Nh7 25. Nxh5 Kf8 26. Rg3 Rxg3 27. Kxg3 Ke8 28.
Nf6+ Nxf6 29. Bxf6 1-0

[Event "Challenge"]
[Site "http://www.queenalice.com/game.php?id=18408"]
[Date "2005.7.5"]
[Round "-"]
[White "chaves"]
[Black "jcainfo"]
[Result "0-1"]
[WhiteElo "929"]
[BlackElo "1478"]

1. e4 e5 2. f3 Nc6 3. d3 Qe7 4. Nh3 Nd4 5. c3 h5 6. Bg5 Qc5 7. Na3 Ne6 8. Bh4 f6
9. d4 exd4 10. Nf2 g5 11. Bg3 d6 12. Nd3 Qa5 13. b4 Qxa3 14. Qc1 Qa6 15. Nf4 Qc6
16. cxd4 Bh6 17. d5 Qxc1+ 18. Rxc1 gxf4 19. Bf2 Ng7 20. Rxc7 a6 21. Bb6 f5 22.
exf5 Nxf5 23. b5 Nge7 24. bxa6 bxa6 0-1

[Event "Challenge"]
[Site "http://www.queenalice.com/game.php?id=18411"]
[Date "2005.7.5"]
[Round "-"]
[White "chaves"]
[Black "jcainfo"]
[Result "0-1"]
[WhiteElo "929"]
[BlackElo "1495"]

1. e4 e5 2. f3 Nc6 3. d3 Qe7 4. c4 Nd4 5. g3 g6 6. h3 h5 7. Ne2 Nxf3+ 8. Kf2 Qf6
9. Nec3 Bc5+ 10. Ke2 Nd4+ 11. Ke1 a5 12. g4 hxg4 13. hxg4 Rxh1 14. Nb5 Ne6 15.
Ke2 Qf2# 0-1

[Event "Outro"]
[Site "http://www.queenalice.com/game.php?id=18524"]
[Date "2005.7.6"]
[Round "-"]
[White "idrago"]
[Black "jcainfo"]
[Result "1-0"]
[WhiteElo "1880"]
[BlackElo "1500"]

1. e4 e5 2. Nf3 Qf6 3. Bc4 Bc5 4. d3 Nc6 5. Nc3 Bb4 6. Bg5 Qg6 7. Qd2 h6 8. Be3
Qxg2 9. Ke2 Nf6 10. Rag1 Qh3 11. Rxg7 Rg8 12. Bxf7+ Kf8 13. Bxg8 Kxg7 14. Rg1+
Ng4 15. Bxh6+ Kxg8 16. Qg5+ Kf7 17. Rxg4 d6 18. Qg7+ Ke6 19. Rg6# 1-0

[Event "Challenge"]
[Site "http://www.queenalice.com/game.php?id=18603"]
[Date "2005.7.7"]
[Round "-"]
[White "jcainfo"]
[Black "dnptrs"]
[Result "0-1"]
[WhiteElo "1478"]
[BlackElo "1885"]

1. e4 c5 2. Qf3 Nc6 3. Bc4 e6 4. Nh3 Ne5 5. Qc3 Qc7 6. f4 Nxc4 7. Qxc4 a6 8. O-O
b5 9. Qc3 d6 10. e5 d5 11. Qd3 Nh6 12. Qg3 Nf5 13. Qg5 Bb7 14. g3 Qc6 15. Rf2 d4
16. Kf1 Be7 17. Qg4 O-O-O 18. Ng5 Rdf8 19. Nf3 h5 20. Qh3 c4 21. b3 Bc5 22. d3
Ne3+ 23. Ke2 Nxc2 24. b4 Bxb4 25. Nxd4 Nxd4+ 26. Ke3 Nc2+ 27. Ke2 Nxa1 28. Kd1
Qf3+ 29. Re2 Qh1+ 30. Qf1 Qxf1+ 31. Re1 Qxe1# 0-1

[Event "Challenge"]
[Site "http://www.queenalice.com/game.php?id=18619"]
[Date "2005.7.7"]
[Round "-"]
[White "Gambitshark"]
[Black "jcainfo"]
[Result "1-0"]
[WhiteElo "2113"]
[BlackElo "1500"]

1. e4 e5 2. f4 exf4 3. Nf3 Qe7 4. Be2 Qxe4 5. O-O Bc5+ 6. d4 Bb6 7. Nc3 Qg6 8.
Bd3 f5 9. Re1+ Ne7 10. Nd5 Nc6 11. Bc4 Qd6 12. Bxf4 Bxd4+ 13. Nxd4 Qc5 14. Rxe7+
Nxe7 15. Nxc7+ Kd8 16. Kh1 d6 17. Nde6+ Bxe6 18. Nxe6+ Kc8 19. Nxc5 dxc5 20.
Be6# 1-0

[Event "Challenge"]
[Site "http://www.queenalice.com/game.php?id=18620"]
[Date "2005.7.7"]
[Round "-"]
[White "jcainfo"]
[Black "Gambitshark"]
[Result "0-1"]
[WhiteElo "1500"]
[BlackElo "2112"]

1. e4 c5 2. Qf3 Nc6 3. Bc4 e6 4. Nh3 Nf6 5. Qf4 d5 6. Bb5 Nxe4 7. d3 Qa5+ 8. Nc3
Bd6 9. Qf3 Nxc3 10. Bd2 Qxb5 11. Ng5 Ne5 12. Qf4 Nxd3+ 13. cxd3 Bxf4 14. Bxf4
Qxb2 15. Rc1 Qe2# 0-1

[Event "sb is blaq"]
[Site "http://www.queenalice.com/game.php?id=18726"]
[Date "2005.7.8"]
[Round "-"]
[White "jcainfo"]
[Black "saint_bazoka"]
[Result "0-1"]
[WhiteElo "1478"]
[BlackElo "2084"]

1. e4 g6 2. Qf3 Bg7 3. Bc4 e6 4. Nh3 Nc6 5. d3 Nd4 6. Qd1 d5 7. c3 dxc4 8. cxd4
cxd3 9. Qxd3 Qxd4 10. Qf3 Nf6 11. Ng5 h6 12. Nh3 Qxe4+ 13. Qxe4 Nxe4 14. f3 Nd6
15. O-O b5 16. Re1 Bb7 17. Na3 Rd8 18. Be3 Bxb2 19. Rad1 Bxa3 20. Bxa7 Bb4 21.
Re3 Ra8 22. a3 Bd2 23. Rxd2 Rxa7 24. Rc3 Nc4 25. Rdd3 Ke7 26. Kf2 Rha8 27. Rc1
Rxa3 28. Rcd1 Rxd3 29. Rxd3 Ra2+ 30. Kg3 b4 31. Nf2 Nd2 32. Ng4 b3 33. Ne5 b2
34. Rxd2 b1=Q 35. Rxa2 Qxa2 36. h4 Qd2 37. Ng4 f6 38. Nxh6 Qxh6 39. f4 e5 40.
fxe5 Qe3+ 41. Kh2 Qf2 42. exf6+ Kxf6 43. Kh3 Qxg2# 0-1

[Event "Challenge"]
[Site "http://www.queenalice.com/game.php?id=19949"]
[Date "2005.7.16"]
[Round "-"]
[White "jcainfo"]
[Black "igorrs"]
[Result "0-1"]
[WhiteElo "1493"]
[BlackElo "1733"]

1. e4 e5 2. Qf3 Nc6 3. Nh3 Nf6 4. d3 Nd4 5. Qf5 Nxf5 6. exf5 d5 7. Bg5 Bxf5 8.
Nc3 Bb4 9. Bd2 Bxh3 10. gxh3 d4 11. Ne2 Bxd2+ 12. Kxd2 Qd5 13. Ng3 e4 14. Bg2
e3+ 15. Ke2 Qxg2 16. Rhf1 Qxh2 17. Rh1 Qxf2+ 18. Kd1 Qxg3 19. c3 e2+ 20. Kxe2
Qg2+ 21. Kd1 Qxh1+ 22. Kc2 Qxa1 23. cxd4 O-O-O 24. a3 Rhe8 25. Kc3 Re2 26. Kb4
Rxd4+ 27. Kc5 Qxb2 28. a4 Nd7# 0-1

[Event "AUTO-ELITE-02"]
[Site "http://www.queenalice.com/game.php?id=19997"]
[Date "2005.7.17"]
[Round "1"]
[White "saint_bazoka"]
[Black "jcainfo"]
[Result "1-0"]
[WhiteElo "2063"]
[BlackElo "1493"]

1. Nf3 Nf6 2. c4 e6 3. g3 b6 4. Bg2 c6 5. O-O Bc5 6. d4 Bd6 7. Nc3 Ba6 8. b3 Ng4
9. e4 c5 10. e5 Bc7 11. Ng5 f5 12. exf6 gxf6 13. Qxg4 Nc6 14. Qh5+ Ke7 15. Qf7+
Kd6 16. Nce4# 1-0

[Event "AUTO-ELITE-02"]
[Site "http://www.queenalice.com/game.php?id=19998"]
[Date "2005.7.17"]
[Round "1"]
[White "jcainfo"]
[Black "saint_bazoka"]
[Result "0-1"]
[WhiteElo "1478"]
[BlackElo "2076"]

1. e4 a6 2. Qf3 c5 3. Nh3 Nc6 4. Ng5 Nf6 5. b3 h6 6. Nh3 d5 7. exd5 Nd4 8. Qc3
Bxh3 9. gxh3 Qxd5 10. Rg1 Nf3+ 11. Kd1 Nxg1 12. Qg3 Qh5+ 13. Ke1 Nf3+ 14. Kd1
Ne4 15. Qc7 Nd4+ 16. Ke1 Nxc2# 0-1

[Event "AUTO-ELITE-02"]
[Site "http://www.queenalice.com/game.php?id=20011"]
[Date "2005.7.17"]
[Round "1"]
[White "MikeDoherty"]
[Black "jcainfo"]
[Result "1-0"]
[WhiteElo "1967"]
[BlackElo "1493"]

1. e4 e5 2. Nf3 d6 3. Bc4 Qf6 4. d4 h6 5. Nc3 c6 6. Be3 b5 7. Be2 Qg6 8. dxe5 b4
9. Na4 Qxe4 10. exd6 g5 11. O-O Bg7 12. Re1 Bb7 13. Nc5 Qf5 14. Nxb7 Be5 15.
Nxe5 Qxe5 16. Bd4 Qf4 17. Bxh8 Nd7 18. Bg7 f6 19. Bh5# 1-0

[Event "AUTO-ELITE-02"]
[Site "http://www.queenalice.com/game.php?id=20012"]
[Date "2005.7.17"]
[Round "1"]
[White "jcainfo"]
[Black "MikeDoherty"]
[Result "0-1"]
[WhiteElo "1493"]
[BlackElo "1940"]

1. e4 e5 2. Qf3 Nf6 3. Nh3 Nc6 4. b3 Nd4 5. Qc3 Nxe4 6. Qd3 d5 7. f3 Nc5 8. Qc3
Bxh3 9. f4 Bf5 10. d3 Nce6 11. fxe5 Bb4 12. Qxb4 Nxc2+ 13. Kd2 Nxb4 14. h3 Qg5+
15. Kc3 Qxc1+ 16. Kxb4 a5+ 17. Ka4 Nc5+ 18. Kb5 Bd7# 0-1

[Event "AUTO-ELITE-02"]
[Site "http://www.queenalice.com/game.php?id=20019"]
[Date "2005.7.17"]
[Round "1"]
[White "dnptrs"]
[Black "jcainfo"]
[Result "1-0"]
[WhiteElo "1893"]
[BlackElo "1478"]

1. d4 Nf6 2. Nf3 e6 3. e3 Ne4 4. c4 Qf6 5. Bd3 Nd6 6. a3 h5 7. Nc3 g5 8. e4 g4
9. e5 Qg7 10. Bg5 Nc6 11. Bf6 Qh6 12. Bxh8 Qxh8 13. Ng1 Nxd4 14. exd6 Bxd6 15.
Nge2 Nb3 16. Qxb3 Bc5 17. Ne4 Qe5 18. Nxc5 a5 19. Ne4 d5 20. Qc3 Qxc3+ 21. N4xc3
dxc4 22. Bxc4 b6 23. h3 e5 24. hxg4 Bxg4 25. f3 Bd7 26. Rxh5 f6 27. Rh8+ Ke7 28.
Nd5+ Kd6 29. Rxa8 Be6 30. b4 c6 31. Nec3 cxd5 32. Rd1 d4 33. Nb5+ Kc6 34. Bxe6
Kxb5 35. bxa5 bxa5 36. Rc8 Kb6 37. Rb1+ Ka7 38. Bd5 f5 39. Ra8# 1-0

[Event "AUTO-ELITE-02"]
[Site "http://www.queenalice.com/game.php?id=20020"]
[Date "2005.7.17"]
[Round "1"]
[White "jcainfo"]
[Black "dnptrs"]
[Result "0-1"]
[WhiteElo "1478"]
[BlackElo "1895"]

1. e4 c5 2. Qf3 e6 3. Nh3 d6 4. d3 Nc6 5. Ng5 Nf6 6. a4 Nd4 7. Qd1 e5 8. c3 Ne6
9. Nf3 Be7 10. Qb3 O-O 11. h3 Rb8 12. Be3 Bd7 13. d4 exd4 14. cxd4 cxd4 15. Bxd4
Nxd4 16. Nxd4 Nxe4 17. Qd3 Bf6 18. Nf3 Re8 19. Be2 Qb6 20. O-O Bf5 21. Qd5 Ng3
22. a5 Nxe2+ 23. Kh2 Qc5 24. Qxc5 dxc5 25. Na3 Bxb2 26. Ra2 Bxa3 27. Rxa3 b5 28.
g4 Bg6 29. Re1 b4 30. Re3 Rxe3 31. fxe3 b3 32. Nd2 Bd3 33. Nb1 c4 34. Kg2 Bxb1
35. Rxb1 c3 36. Kf2 c2 37. Rb2 Nc3 38. Kf3 c1=Q 39. Rg2 Re8 40. g5 Qxe3+ 41. Kg4
Re4+ 42. Kh5 Qxh3# 0-1

[Event "Challenge"]
[Site "http://www.queenalice.com/game.php?id=20648"]
[Date "2005.7.20"]
[Round "-"]
[White "jcainfo"]
[Black "idrago"]
[Result "0-1"]
[WhiteElo "1495"]
[BlackElo "1881"]

1. e4 e5 2. Qf3 Nf6 3. Nh3 c6 4. b3 d5 5. Nc3 d4 6. Ne2 Bg4 7. Qd3 Nbd7 8. f3
Bxh3 9. gxh3 Nc5 10. Qc4 b5 11. Qxc5 Bxc5 12. Ng3 O-O 13. d3 Bb4+ 14. Bd2 Bxd2+
15. Kxd2 Qa5+ 16. Ke2 Qc3 17. Rc1 a5 18. Nf5 a4 19. Bg2 axb3 20. cxb3 Qb2+ 21.
Kd1 Qxg2 22. Re1 Rxa2 23. Ne7+ Kh8 24. Nxc6 Rd2# 0-1

[Event "Challenge"]
[Site "http://www.queenalice.com/game.php?id=22578"]
[Date "2005.8.4"]
[Round "-"]
[White "idrago"]
[Black "jcainfo"]
[Result "1-0"]
[WhiteElo "1888"]
[BlackElo "1499"]

1. e4 Nf6 2. e5 Ne4 3. d4 e6 4. Nf3 h6 5. Nbd2 Nxd2 6. Bxd2 a6 7. Bd3 c5 8. c3
g5 9. h3 b5 10. b4 c4 11. Be4 d5 12. exd6 Ra7 13. O-O Bxd6 14. Qe2 f5 15. Bxf5
Qf6 16. Be4 Re7 17. Rfe1 O-O 18. a4 bxa4 19. Rxa4 e5 20. Qxc4+ Be6 21. dxe5 Bxe5
22. Bd5 Nd7 23. Rxa6 Bxd5 24. Qxd5+ Qf7 25. Qxf7+ Rfxf7 26. Nxe5 Nxe5 27. Rxh6
g4 28. hxg4 Nxg4 29. Rxe7 Rxe7 30. Rg6+ Rg7 31. Rxg7+ Kxg7 32. c4 Kf7 33. c5 Ne5
34. Kf1 Ke7 35. Ke2 Kd7 36. f4 Ng6 37. g4 Ne7 38. f5 Nc6 39. Bc3 Ke7 40. Ke3 Na7
41. g5 Kf8 42. g6 Nc6 43. g7+ Kf7 44. f6 Na7 45. Kd3 Nb5 46. c6 Na7 47. c7 Nc8
48. b5 Nb6 49. Bd4 Nc8 50. b6 Nxb6 51. Bxb6 Kxf6 52. c8=Q Kxg7 53. Qe6 Kf8 54.
Bc5+ Kg7 55. Bd4+ Kf8 56. Qd7 Kg8 57. Qg7# 1-0

[Event "Challenge"]
[Site "http://www.queenalice.com/game.php?id=23583"]
[Date "2005.8.11"]
[Round "-"]
[White "quebrado2005"]
[Black "jcainfo"]
[Result "1-0"]
[WhiteElo "1345"]
[BlackElo "1476"]

1. d4 e6 2. e4 b6 3. c3 Nf6 4. Bg5 h6 5. Bxf6 Qxf6 6. Nd2 e5 7. d5 Bc5 8. Ndf3
d6 9. Qa4+ Bd7 10. Qc2 g5 11. h3 g4 12. hxg4 Bxg4 13. Qa4+ Nd7 14. Rh4 Bxf3 15.
Nxf3 a6 16. Qc6 Rc8 17. Bxa6 Rb8 18. Bb5 Rd8 19. O-O-O O-O 20. Rdh1 Bxf2 21.
Rxh6 Be3+ 22. Kc2 Bxh6 23. Rh3 Qf4 24. Qxc7 Qxe4+ 25. Bd3 Qa4+ 26. b3 Qxa2+ 27.
Kd1 Qa1+ 28. Ke2 Qc1 29. Qxd6 Qe3+ 30. Kd1 Qxd3+ 31. Ke1 1-0

[Event "AUTO-ADV-68"]
[Site "http://www.queenalice.com/game.php?id=23676"]
[Date "2005.8.11"]
[Round "1"]
[White "andi_g"]
[Black "jcainfo"]
[Result "1-0"]
[WhiteElo "1536"]
[BlackElo "1499"]

1. e4 e5 2. Bc4 Nf6 3. Nc3 Bb4 4. Nd5 Ba5 5. b4 Bb6 6. a4 c6 7. Nxb6 Qxb6 8. Rb1
Ng4 9. Qxg4 g6 10. Qf3 Rf8 11. Nh3 a5 12. Ng5 f6 13. Nxh7 Rh8 14. Nxf6+ Ke7 15.
Ba3 1-0

[Event "AUTO-ADV-68"]
[Site "http://www.queenalice.com/game.php?id=23677"]
[Date "2005.8.11"]
[Round "1"]
[White "jcainfo"]
[Black "andi_g"]
[Result "0-1"]
[WhiteElo "1453"]
[BlackElo "1569"]

1. e4 d5 2. Nc3 Be6 3. Bb5+ Bd7 4. Bxd7+ Qxd7 5. exd5 Nf6 6. Qf3 c6 7. dxc6 Nxc6
8. Nge2 Qe6 9. O-O O-O-O 10. a4 Nd4 11. Nxd4 Rxd4 12. Qg3 Ne4 13. Qe3 Rb4 14.
Nb5 a6 15. Nd4 Qd5 16. c3 Rb6 0-1

[Event "AUTO-ADV-68"]
[Site "http://www.queenalice.com/game.php?id=23686"]
[Date "2005.8.11"]
[Round "1"]
[White "jcainfo"]
[Black "edwin"]
[Result "0-1"]
[WhiteElo "1441"]
[BlackElo "1924"]

1. Nf3 d5 2. c3 Nc6 3. e3 Bf5 4. d3 e6 5. Qa4 Bd6 6. b4 Nf6 7. b5 Ne7 8. d4 O-O
9. h4 c6 10. h5 cxb5 11. Qxb5 Qc7 12. h6 gxh6 13. Rxh6 Ng4 14. Rh4 Ng6 15. Rh1
a6 16. Qa4 b5 17. Qb3 Rac8 18. a4 bxa4 19. Qxa4 Rb8 20. Qxa6 Bxb1 21. Ng5 Bg3
22. Nh3 Nxf2 23. Nxf2 Qxc3+ 24. Bd2 Bxf2+ 25. Ke2 Rb2 26. Kxf2 Rxd2+ 27. Be2 Bd3
28. Rhc1 Rxe2+ 0-1

[Event "AUTO-ADV-68"]
[Site "http://www.queenalice.com/game.php?id=23687"]
[Date "2005.8.11"]
[Round "1"]
[White "edwin"]
[Black "jcainfo"]
[Result "1-0"]
[WhiteElo "1922"]
[BlackElo "1441"]

1. e4 e5 2. Nf3 Nc6 3. Bc4 Nh6 4. d3 Ng4 5. O-O Bc5 6. Nc3 O-O 7. Bg5 Be7 8.
Bxe7 Qxe7 9. Nd5 Qd8 10. d4 Na5 11. b3 c6 12. Ne3 d5 13. Be2 dxe4 14. Nxe5 Nf6
15. b4 b6 16. bxa5 bxa5 17. Nxc6 Qd7 18. Nxa5 g6 19. c4 h5 20. d5 h4 21. Qd4 Qd6
22. c5 Qe7 23. Nc6 Qb7 24. Qxf6 Re8 25. Qxh4 a5 26. Rfb1 Qc7 27. Bb5 Bd7 28.
Ne7+ Kf8 29. Qf6 Bxb5 30. Nxg6+ 1-0